Normal view
MARC view
- RAVEN, F. H
Entry Personal Name
001 - CONTROL NUMBER
- control field: 66433
003 - CONTROL NUMBER IDENTIFIER
- control field: NUST
005 - DATE AND TIME OF LATEST TRANSACTION
- control field: 20210628203606.0
008 - FIXED-LENGTH DATA ELEMENTS
- fixed length control field: 210628|| aca||aabn | a|a d
040 ## - CATALOGING SOURCE
- Original cataloging agency: NUST
- Transcribing agency: NUST
100 ## - HEADING--PERSONAL NAME
- Personal name: RAVEN, F. H
670 ## - SOURCE DATA FOUND
- Source citation: Work cat.: (NUST): RAVEN, F. H, AUTOMATIC CONTROL ENGINEERING, 1987
